| Tag |
First Indicator |
Second Indicator |
Subfields |
| LEADER |
00000cam a2200000 a 4500 |
| 001 |
in00000019075 |
| 005 |
20151007054145.0 |
| 008 |
880621s1988 gw a 00010 ger d |
| 020 |
|
|
|a 3518114808
|
| 035 |
|
|
|a (OCoLC)18117663
|
| 035 |
|
|
|9 AAB4159AM
|
| 040 |
|
|
|a AZU
|c AZU
|d TXA
|d UtOrBLW
|
| 049 |
|
|
|a TXAM
|c [A12592824]
|
| 050 |
|
4 |
|a PT2662.E7
|b D48 1988
|
| 100 |
1 |
|
|a Bernhard, Thomas.
|
| 245 |
1 |
4 |
|a Der deutsche Mittagstisch :
|b Dramolette /
|c Thomas Bernhard.
|
| 250 |
|
|
|a 1. Aufl.
|
| 264 |
|
1 |
|a Frankfurt am Main :
|b Suhrkamp,
|c 1988.
|
| 300 |
|
|
|a 145 pages :
|b illustrations ;
|c 18 cm.
|
| 336 |
|
|
|a text
|b txt
|2 rdacontent
|
| 337 |
|
|
|a unmediated
|b n
|2 rdamedia
|
| 338 |
|
|
|a volume
|b nc
|2 rdacarrier
|
| 490 |
0 |
|
|a Edition Suhrkamp ;
|v 1480, n.F. Bd. 480
|
| 505 |
0 |
|
|a A Doda -- Maiandacht -- Match -- Freispruch -- Eis -- Der deutsche Mittagstisch -- Alles oder nichts -- Zu den Abbildungen.
|
| 999 |
|
|
|a MARS
|
| 999 |
f |
f |
|s 8ccdf817-163b-3ffc-bb55-808231ee7a8d
|i 5bbac00e-ecdb-3a43-9dcf-9e76bbf1662a
|t 0
|
| 952 |
f |
f |
|p ric
|a Texas A&M University
|b Rellis Campus
|c Joint Library Facility
|d Remote Storage
|t 0
|e PT2662.E7 D48 1988
|h Library of Congress classification
|i unmediated -- volume
|m A14812592824
|
| 998 |
f |
f |
|a PT2662.E7 D48 1988
|t 0
|l Remote Storage
|